LIBRARY & INFORMATION CENTRE, KCAET, TAVANUR

ONLINE PUBLIC ACCESS CATALOGUE (OPAC)

Introduction to energy conservation, Vol 3 / (Record no. 5625)

MARC details
000 -LEADER
fixed length control field 00472cam a2200181ua 4500
003 - CONTROL NUMBER IDENTIFIER
control field OSt
008 - FIXED-LENGTH DATA ELEMENTS--GENERAL INFORMATION
fixed length control field 241101b |||||||| |||| 00| 0 eng d
020 ## - INTERNATIONAL STANDARD BOOK NUMBER
ISBN 0-85226-453-4
041 ## - LANGUAGE CODE
Language code of text/sound track or separate title eng
082 ## - DEWEY DECIMAL CLASSIFICATION NUMBER
Classification number 621.47
Item number KAD/IN
100 ## - MAIN ENTRY--AUTHOR NAME
Personal name Kadambi, V .
245 ## - TITLE STATEMENT
Title Introduction to energy conservation, Vol 3 /
250 ## - EDITION STATEMENT
Edition statement 1 /
260 ## - PUBLICATION, DISTRIBUTION, ETC. (IMPRINT)
Place of publication New Delhi :
Name of publisher New Age International Ltd ,
Year of publication 1997.
300 ## - PHYSICAL DESCRIPTION
Number of Pages 278 ; .
700 1# - ADDED ENTRY--PERSONAL NAME
Personal name Manohar, Prasad .
942 ## - ADDED ENTRY ELEMENTS (KOHA)
Koha item type Books
Holdings
Withdrawn status Lost status Damaged status Home library Current library Date acquired Full call number Accession Number Koha item type Shelving location
      KAUAET KAUAET 07/04/2012 621.406 KAD/IN 19949 Books  
      KAUAET KAUAET 07/04/2012 621.47 KAD/IN 20409 Books Shelf- 7A
free website counter